Music Quiz

Random Music or Song Quiz

Bare: A Pop Opera song title by first lyric Quiz Stats

 Plays Quiz not verified by Sporcle

Score 0/33 Timer 05:00
0 Plays Today
First Lyric Song Title % Correct
'Hey little boy, would you like a ride? A lollipop? A puppy? How about a baseball bat, there's one in my pants.'???
87.4%
'Canvas of ages.'???
84.4%
'I know a girl full of confidence.'???
84.2%
'Do you know, well of course you do, what it's like to stand outside?'???
83.5%
'Everything's and act when you're pleasing everyone.'???
81.5%
'Remember back in seventh grade, endless games of Truth or Dare.'???
81.5%
'It's a wedding, y'all, so clap your hands.'???
80.5%
'It's a sacrament of oppression.'???
79.5%
'So there it is, Claire it is as you feared.'???
79.3%
'Mother, I need to talk to you.'???
78.3%
'All my friends are gone, and once again I find myself alone.'???
78%
'Dear Jason, there will be tears today.'???
78%
'Ivy's birthday's in a week; I wanna get her something mad.'???
77.3%
'Do you remember the day that you met me?'???
77%
'Just pray for him to the Lord Your God.'???
75.8%
'I know this world can have a place for us.'???
75.6%
'What's that supposed to mean?'???
74.3%
First Lyric Song Title % Correct
'But soft! What light through yonder window breaks. It is the east and Juliet is the sun.'???
74.3%
'When God sits on his mighty throne and says 'what should I make today?''???
74.1%
'You stand before me, and I barely know you.'???
73.1%
'I first held your hand and love was not a crime.' ???
72.3%
'He went to your for guidance.'???
71.9%
'Let's make the later sooner.'???
70.6%
'A time for love, a time for two.'???
69.9%
'But I meant all those things I told you.'???
69.1%
'Both alike in dignity'???
68.4%
'Things I have don't last for long. Boys have come and boys have gone.'???
67.2%
'Where have you been? Is this some stupid game?'???
67.2%
'These are my sins, but where to begin?'???
66.2%
'If I profane with my unworthiest hands, this holy shrine, the gentle sin is this.'???
62.5%
'Tut, dun's the mouse, the constable's own word.'???
62%
'I bet this really takes you back.'???
58%
'Will I see you later?'???
45.9%

You're not logged in!

Compare scores with friends on all Sporcle quizzes.
OR
Log In

Show Comments

Extras

Created Nov 14, 2012ReportNominate
Tags:Song Quiz, bare, opera, pop, sung

Top Quizzes Today


Score Distribution

Your Account Isn't Verified!

In order to create a playlist on Sporcle, you need to verify the email address you used during registration. Go to your Sporcle Settings to finish the process.

Report this User

Report this user for behavior that violates our Community Guidelines.

Details: